000 00478nam a2200145 a 4500
001 000030895
005 20200930062557.0
008 110603s19uu dr 000 p spa d
040 _aDO-SdBNP
_bspa
_cBNPHU
082 _axxxx
_bS211s
100 1 _aSánchez Rubirosa, E.
_957419
245 1 0 _aSonorismo :
_boraciones débiles y cantares /
_cE. Sánchez Rubirosa.
260 _aCiudad Trujillo, República Dominicana :
_bLuís Sánchez Andújar,
_c[19--?].
300 _a96 p. ;
_c19 cm.
999 _c30387
_d30387